000 00718nam a2200241 a 4500
001 62713
003 BD-RjUL
005 20211209081120.0
008 170125s1950 nyuac b 001 0 eng
035 _a(BD-RjUL)62840
040 _aDLC
_cDLC
_dBD-RjUL
_beng
041 _aeng
082 0 0 _a820.9
_223
_bHIS 1950
245 1 2 _aA history of English literature /
_cHardin Craig
260 _aNew York :
_bOxford University Press,
_cc1950.
300 _axiii, 697 p. ;
_c25 cm.
500 _aIncludes index.
650 0 _aEnglish literature
_xHistory and criticism.
_9185802
651 0 _aGreat Britain
_xIntellectual life.
_9186407
700 _aCraig, Hardin
_9186408
942 _2ddc
_cBK
999 _c62713
_d62713